000 004690000a22001930004500
001 000157
003 MACL
005 20151129155130.0
008 151129b xxu||||| |||| 00| 0 eng d
040 _aMACL
_cMACL
041 _aEnglish
082 _a741-642
100 _aRoy, Navkala
_918779
245 _aHow It work
_bThe Aeroplane
_cNavkala Roy
260 _aA CBT Publications,
_c1986
350 _a12
650 _aAir Transportation
_918780
942 _k387
_cBK
_2ddc
999 _c159
_d159